Online
Catalog

La gran enciclopedia del chocolate / (Record no. 33946)

MARC details
000 -CABECERA
campo de control de longitud fija 00792nam a2200205 a 4500
001 - NÚMERO DE CONTROL
campo de control 000034455
005 - FECHA Y HORA DE LA ÚLTIMA TRANSACCIÓN
campo de control 20200930073717.0
008 - DATOS DE LONGITUD FIJA--INFORMACIÓN GENERAL
campo de control de longitud fija 111004s1997 sp a 000 0 spa d
020 ## - NÚMERO INTERNACIONAL ESTÁNDAR DEL LIBRO
Número Internacional Estándar del Libro 8471836432
040 ## - FUENTE DE LA CATALOGACIÓN
Centro catalogador/agencia de origen DO-SdBNP
Lengua de catalogación spa
Centro/agencia transcriptor BNPHU
082 ## - NÚMERO DE LA CLASIFICACIÓN DECIMAL DEWEY
Número de clasificación xxx
100 1# - ENTRADA PRINCIPAL--NOMBRE DE PERSONA
Nombre de persona McFadden, Christine
9 (RLIN) 59888
245 13 - MENCIÓN DE TÍTULO
Título La gran enciclopedia del chocolate /
Mención de responsabilidad, etc. Christine McFadden, Christine France ; editor Josep Sarret.
260 ## - PUBLICACIÓN, DISTRIBUCIÓN, ETC.
Lugar de publicación, distribución, etc. Barcelona, España :
Nombre del editor, distribuidor, etc. Hymsa,
Fecha de publicación, distribución, etc. 1997.
300 ## - DESCRIPCIÓN FÍSICA
Extensión 3v. :
Otras características físicas il. ;
Dimensiones 29 cm.
505 0# - NOTA DE CONTENIDO CON FORMATO
Información miscelánea Volumen 1 :
Título Historia del chocolate --
Información miscelánea Volumen 2 :
Título Tartas, pasteles y soufflés --
Información miscelánea Volumen 3 :
Título Helados, galletas y bombones
534 ## - NOTA SOBRE LA VERSIÓN ORIGINAL
Frase introductoria Título original :
Mención de título del original The ultimate encyclopedia of chocolate
700 1# - PUNTO DE ACCESO ADICIONAL--NOMBRE DE PERSONA
Nombre de persona France, Christine
9 (RLIN) 59889
700 1# - PUNTO DE ACCESO ADICIONAL--NOMBRE DE PERSONA
Nombre de persona Sarret, Josep,
Término indicativo de función/relación ed.
9 (RLIN) 47093
Holdings
Estado de retiro Estado de pérdida Restricciones de uso No para préstamo Código de colección Localización permanente Ubicación/localización actual Ubicación en estantería Fecha de adquisición Número de inventario Total de préstamos Signatura topográfica completa Código de barras Fecha visto por última vez Precio válido a partir de Tipo de ítem Koha
        Monografías: Libros y Folletos General General Orden iniciada 04.10.2011 LF1   xxx 34455-10 25.06.2020 25.06.2020 No se presta
        Monografías: Libros y Folletos General General Orden iniciada 04.10.2011 LF1   xxx 34455-20 25.06.2020 25.06.2020 No se presta
        Monografías: Libros y Folletos General General Orden iniciada 04.10.2011 LF1   xxx 34455-30 25.06.2020 25.06.2020 No se presta
        Monografías: Libros y Folletos General General Orden iniciada 04.10.2011 LF1   xxx 34456-10 25.06.2020 25.06.2020 No se presta

Powered by Koha